THE BIRDS (Record no. 13784)

MARC details
000 -LEADER
fixed length control field 00304nam a22001457a 4500
003 - CONTROL NUMBER IDENTIFIER
control field SGT
020 ## - INTERNATIONAL STANDARD BOOK NUMBER
International Standard Book Number 978-8171336319
082 ## - DEWEY DECIMAL CLASSIFICATION NUMBER
Item number KOT
100 ## - MAIN ENTRY--PERSONAL NAME
Personal name KOTPAL, RL
245 ## - TITLE STATEMENT
Title THE BIRDS
260 ## - PUBLICATION, DISTRIBUTION, ETC. (IMPRINT)
Place of publication, distribution, etc NEW DELHI
Name of publisher, distributor, etc RASTOGI PUBLICATION
Year of Publication 1999
300 ## - PAGE DESCRIPTION
No. of Pages 327
650 ## - SUBJECT ADDED ENTRY--TOPICAL TERM
Topical term or geographic name as entry element AGRICULTURE
942 ## - ADDED ENTRY ELEMENTS (KOHA)
Source of classification or shelving scheme Dewey Decimal Classification
Koha item type Books
942 ## - ADDED ENTRY ELEMENTS (KOHA)
-- 1
Holdings
Withdrawn status Lost status Source of classification or shelving scheme Damaged status Not for loan Home library Current library Shelving location Date acquired Vendor Name SGTU Total Checkouts Full call number Accession No. (Barcode) Date last seen Date last borrowed Bill Date Koha item type
    Dewey Decimal Classification     SGT Science & Social Sciences Library SGT Science & Social Sciences Library Text Book 08/11/2017 ABC PUBLICATION SGTU 1 KOT AG422 28/11/2022 21/11/2022 08/11/2017 Books